مكتبة جامعة عجلون الوطنية

فهرس بحث المكتبة

الفتاوى الصغرى لحسام الدين عمر بن عبد العزيز بن مازه البخاري بترتيب يوسف بن احمد اب بكر الخوارزمي من كتاب الوكالة الى اول كتاب الجنايات دراسة وتحقيق=For Hussam Al-Dain Omar Bin Abd Alaziz Ibn Mazaha Al Bokhari Managed By : Yousef Bin Ahmed Abu Baker- Al Khwarzmi Yousef Bin Ahmed Abu Baker Al -Khwarzmi Form Al- Wakallha to the Section of Crime (astudy and investigation) (Record no. 29499)

MARC details
000 -LEADER
fixed length control field 01393nam a2200229Ii 4500
003 - CONTROL NUMBER IDENTIFIER
control field JO-AjNU
005 - DATE AND TIME OF LATEST TRANSACTION
control field 20240623115029.0
008 - FIXED-LENGTH DATA ELEMENTS--GENERAL INFORMATION
fixed length control field 230605s9999||||xx |||||||||||||| ||und||
040 ## - CATALOGING SOURCE
Original cataloging agency JO-AjNU
Language of cataloging ara
Description conventions rda
Transcribing agency JO-AjNU
041 ## - LANGUAGE CODE
Language code of text/sound track or separate title ara
050 14 - LIBRARY OF CONGRESS CALL NUMBER
Classification number BP144 2015
100 3# - MAIN ENTRY--PERSONAL NAME
Personal name اعداد الدهام، عيد نهار عيد؛ اشراف: مصطفى البغا,
Relator term author
9 (RLIN) 57817
245 00 - TITLE STATEMENT
Title الفتاوى الصغرى لحسام الدين عمر بن عبد العزيز بن مازه البخاري بترتيب يوسف بن احمد اب بكر الخوارزمي من كتاب الوكالة الى اول كتاب الجنايات دراسة وتحقيق=For Hussam Al-Dain Omar Bin Abd Alaziz Ibn Mazaha Al Bokhari Managed By : Yousef Bin Ahmed Abu Baker- Al Khwarzmi Yousef Bin Ahmed Abu Baker Al -Khwarzmi Form Al- Wakallha to the Section of Crime (astudy and investigation)
264 31 - PRODUCTION, PUBLICATION, DISTRIBUTION, MANUFACTURE, AND COPYRIGHT NOTICE
Place of production, publication, distribution, manufacture 2015
300 ## - PHYSICAL DESCRIPTION
Extent 240 ورقة
336 ## - CONTENT TYPE
Content type term text
Content type code txt
Source rdacontent
337 ## - MEDIA TYPE
Media type term unmediated
Media type code n
Source rdamedia
338 ## - CARRIER TYPE
Carrier type term volume
Carrier type code nc
Source rdacarrier
500 ## - GENERAL NOTE
General note رسالة جامعية (دكتوراة في تخصص الفقه واصوله)--جامعة العلوم الاسلامية العالمية، كلية الدراسات العليا، عمان)، 2015، يشتمل على ببلوغرافيا
650 #4 - SUBJECT ADDED ENTRY--TOPICAL TERM
Topical term or geographic name entry element الفتاوى - الفقة الاسلامي
9 (RLIN) 57818
942 ## - ADDED ENTRY ELEMENTS (KOHA)
Source of classification or shelving scheme Library of Congress Classification
Koha item type Thesis
Holdings
Withdrawn status Lost status Source of classification or shelving scheme Damaged status Not for loan Home library Current library Shelving location Date acquired Total Checkouts Full call number Barcode Date last seen Price effective from Koha item type
    Library of Congress Classification     مكتبة جامعة عجلون الوطنية مكتبة جامعة عجلون الوطنية المراجع 06/06/2023   BP144 2015 A25931 06/06/2023 06/06/2023 Thesis